000 00278nam a2200109Ia 4500
008 201231s9999 xx 000 0 und d
100 _aWright, C.H.
245 0 _aSurvival at sea;The lifeboat and liferaft
260 _aGlasgow
_bBrown,Son & Ferguson
300 _a363
942 _cBK
999 _c9717
_d9717